| 000 | 00584nam a2200205Ia 4500 | ||
|---|---|---|---|
| 005 | 20250508163341.0 | ||
| 008 | 008 250505s9999 xx 000 0 eng d | ||
| 037 | _aTextual | ||
| 040 |
_aFEDL _beng _cFEDL |
||
| 041 |
_aeng _2eng |
||
| 084 |
_a371.2, MEL _qFEDL |
||
| 100 | _aMelby Ernest O | ||
| 245 | 0 | _aAdministering community education | |
| 260 |
_aEnglewood Cliffs _bPrentice-Hall _c1955 |
||
| 300 | _axvii,325p | ||
| 490 | _aPrentice - Hall education series | ||
| 650 | _aSchool Administration | ||
| 942 |
_cTEXL _h371.2, MEL |
||
| 999 |
_c1382486 _d1382486 |
||